000 00339nam a22001217a 4500
005 20250919114931.0
020 _a9781647285319
100 _aCole, Jocelyn
_91765
245 _aTheory and applications of integral transformations and operational calculus
260 _aNew York
_bWillford press
_c2023
300 _avi+240
942 _2ddc
_cBK
999 _c751570
_d751570